Seas, gulfs, bays and straits of Europe - Statistics

General Stats
  • This quiz has been taken 21 times
  • The average score is 24 of 39
Answer Stats
Answer % Correct
Baltic
100%
Mediterranean
100%
Adriatic
95%
Aegean
95%
Biscay
95%
Gibraltar
95%
English Channel
90%
Ionian
90%
North
90%
Black
85%
Tyrrhenian
85%
White
85%
Azov
80%
Finland
80%
Irish
80%
Norwegian
80%
Caspian
75%
Celtic
75%
Balearic
70%
Barents
70%
Bosporus
65%
Marmara
65%
Skagerrak
65%
Greenland
60%
Bothnia
55%
Ligurian
55%
Riga
50%
Alboran
45%
Dardanelles
45%
Dover
45%
Messina
40%
Lion
35%
Kerch
30%
Oresund
20%
Bonifacio
15%
Otranto
15%
North Channel
10%
Corfu
5%
Malta Channel
5%
No matching quizzes found
Score Distribution
Percent of People with Each Score
Percentile by Number Answered
Your Score History
You have not taken this quiz